| 000 | 00945cam a22002537a 4500 | ||
|---|---|---|---|
| 001 | 000004555 | ||
| 005 | 20200929151447.0 | ||
| 008 | 961003s1995 ck 000 0 spa | ||
| 010 | _a 96205204 | ||
| 040 |
_aDO-SdBNP _cDLC _dDLC |
||
| 050 | 0 | 0 | _aMLCS 96/05901 (P) |
| 100 | 1 |
_aKoltès, Bernard-Marie. _913305 |
|
| 240 | 1 | 0 | _aRegreso al desierto |
| 245 | 1 | 3 |
_aEl regreso al desierto ; _bTabataba / _cBernard-Marie Koltès ; traducciones, Sandro Romero Rey, Heidi Abderhalden Cortés. |
| 246 | 3 | _aRegreso al desierto ; Tabataba | |
| 260 |
_a[Bogotá] : _bEscuela Nacional de Arte Dramático : _bColcultura, _c1995. |
||
| 300 |
_a94 p. ; _c22 cm. |
||
| 490 | 0 | _aGestus. Separata dramatúrgica | |
| 700 | 1 | 2 |
_aKoltès, Bernard-Marie. _tTabataba. _lSpanish. _913306 |
| 906 |
_a7 _bcbc _corignew _d4 _encip _f19 _gy-gencatlg |
||
| 922 | _aax | ||
| 991 |
_bc-GenColl _hMLCS 96/05901 (P) _p0003471745A _tCopy 1 _wBOOKS |
||
| 999 |
_c4363 _d4363 |
||